Catalog

Record Details

Catalog Search



Příprava na manželství  Cover Image Book Book

Příprava na manželství / Aleš Opatrný

Record details

  • Physical Description: 67 s. ; 21 cm
  • Edition: 2. vyd.
  • Publisher: Praha : Pastorační středisko při Arcibiskupství pražském, 1997

Available copies

  • 1 of 1 copy available at Common Catalog SPOK.

Holds

  • 0 current holds with 1 total copy.
Show Only Available Copies
Location Call Number / Copy Notes Barcode Shelving Location Status Due Date
Jabok Library PT-7.3 424480013829 Odborná literatura Available -

LDR 00725nam a2200229 a 4500
00110379
003CZ-PrJAB
00520180320142944.0
008021213s1997 xr | |||| | cze
035 . ‡a(CZ PrSKC)000104359
040 . ‡aABD027 ‡bcze
1001 . ‡aOpatrný, Aleš, ‡d1944- ‡7jn19990218079 ‡4aut
24510. ‡aPříprava na manželství / ‡cAleš Opatrný
250 . ‡a2. vyd.
260 . ‡aPraha : ‡bPastorační středisko při Arcibiskupství pražském, ‡c1997
300 . ‡a67 s. ; ‡c21 cm
4901 . ‡aPříprava ke svátostem ; ‡vsv. 1
6530 . ‡amanželství ‡ařímskokatolická církev ‡aspiritualita ‡arodinné vztahy ‡asexualita ‡amanželský slib
830 0. ‡aPříprava ke svátostem
910 . ‡aABG312
901 . ‡a10379 ‡bUnknown ‡c10379 ‡tbiblio

Additional Resources